| 000 | 00794nam a22002417a 4500 | ||
|---|---|---|---|
| 999 |
_c4340 _d4340 |
||
| 003 | AR-CdUCM | ||
| 008 | 190308b ||||| |||| 00| 0 spa d | ||
| 040 |
_aMUNICIPALIDAD PROVINCIAL DEL CUSCO _cBIBLIOTECA MUNICIPAL DEL CUSCO |
||
| 041 | _heng | ||
| 082 |
_a720.8/ _bST79 |
||
| 100 |
_aStern, Robert A.M. _913718 |
||
| 245 | _aNuevos caminos de la arquitectura norteamericana / | ||
| 260 |
_aBarcelona : _bBlume, _c1969. |
||
| 300 |
_a128 páginas ; _bIlustraciones, _c24 cm. |
||
| 505 | _aPrefacio -- Introducción -- Los Arquitectos -- La Arquitectura y la ciudad | ||
| 650 |
_aArquitectura _93356 |
||
| 650 |
_aDibujo Arquitectónico _913643 |
||
| 650 |
_aFotografía _94511 |
||
| 650 |
_aArte _9561 |
||
| 700 |
_aTraduccion: Ana Corp _913719 |
||
| 942 |
_2ddc _cLIBROS |
||
| 945 | _admma | ||